00620nam a2200193 a 450000100100000000500170001000800410002704000250006808200150009310000380010824500430014626000300018930000200021949000090023959000260024883000160027495201190029099900170040900004224920201002040029.0131120s1974 fr 000 0 spa d aDO-SdBNPbspacBNPHU axxxbG216a1 aGarcía Salve, Francisco.96927313aEl Amargo /cFrancisco García Salve. aParís :b[s.n.],c1974. a69 p. ;c18 cm.1 aEbro aInventariado, 2019/VM 0aEbro969274 001054708MOaGRbGRcHDd2019-07-12iLF1l0oxxx G216ap42249-10r2020-06-25w2020-06-25y4ZPréstamo en sala c41738d41738